Úloha inovácií v rozvoji firmy
Inovačná stratégia firmy a postup strategického zamerania. Podniková kultúra a určenie cieľov dotvára budúci obraz podniku. Úloha inovácií a uvádzanie nových tovarov a služieb na trh. Aké produkty preferujú zákazníci ? Integrácia obchodu a marketingu, vývoja a výroby. Inovačný vývoj a hodnotový syst...
Saved in:
| Main Author: | |
|---|---|
| Other Authors: | |
| Format: | Book Chapter |
| Language: | Slovak |
| Subjects: | |
| Tags: |
No Tags, Be the first to tag this record!
|
MARC
| LEADER | 00000naa$a2200000$$$4500 | ||
|---|---|---|---|
| 001 | 0105725 | ||
| 005 | 20240502072156.8 | ||
| 041 | 0 | |a slo | |
| 044 | |a SK | ||
| 245 | 1 | 0 | |a Úloha inovácií v rozvoji firmy |c Jozef Čimo, Miroslav Mariaš |
| 520 | |a Inovačná stratégia firmy a postup strategického zamerania. Podniková kultúra a určenie cieľov dotvára budúci obraz podniku. Úloha inovácií a uvádzanie nových tovarov a služieb na trh. Aké produkty preferujú zákazníci ? Integrácia obchodu a marketingu, vývoja a výroby. Inovačný vývoj a hodnotový systém ľudí. | ||
| 610 | 2 | 0 | |a stratégia inovačná |
| 610 | 2 | 0 | |a konkurencieschopnosť |
| 610 | 2 | 0 | |a inovácia |
| 610 | 2 | 0 | |a vývoj |
| 610 | 2 | 0 | |a kultúra podniková |
| 100 | 1 | |a Čimo, Jozef | |
| 700 | 1 | |a Mariaš, Miroslav | |